[Event "GRE-ch U16"]
[Site "Peristeri"]
[Date "2023.07.08"]
[Round "8"]
[White "Vassis, Anastasios"]
[Black "Lekkas, Anastasios"]
[Result "1-0"]
[WhiteElo "1768"]
[BlackElo "1768"]
[PlyCount "69"]
[EventDate "2023.07.03"]
[EventType "swiss"]
[EventRounds "9"]
[EventCountry "GRE"]
[SourceTitle "EXT 2024"]
[Source "ChessBase"]
[SourceDate "2023.10.10"]
[SourceVersion "1"]
[SourceVersionDate "2023.10.10"]
[SourceQuality "1"]

1. c4 c5 2. Nc3 Nc6 3. g3 g6 4. Bg2 Bg7 5. e3 e5 6. Nge2 d6 7. 0-0 Be6 8. d3 Nge7 9. a3 a5 10. Nd5 0-0 11. Rb1 h6 12. Bd2 f5 13. Nec3 Kh7 14. b4 axb4 15. axb4 cxb4 16. Nb5 Bxd5 17. cxd5 Na7 18. Rxb4 Nxb5 19. Rxb5 Qd7 20. Qb3 Ra7 21. Rb1 Rfa8 22. Bc1 Ra1 23. Rxb7 Rxb1 24. Qxb1 Ra1 25. Rxd7 Rxb1 26. Rxe7 Rxc1+ 27. Bf1 Rc5 28. e4 Kg8 29. Re6 Bf8 30. Rxg6+ Kf7 31. Re6 fxe4 32. dxe4 Rc1 33. Kg2 Re1 34. Bd3 h5 35. h4 1-0

[Event "GRE-ch U16"]
[Site "Peristeri"]
[Date "2023.07.06"]
[Round "6"]
[White "Paraschou, Iason"]
[Black "Lekkas, Anastasios"]
[Result "1/2-1/2"]
[WhiteElo "1534"]
[BlackElo "1768"]
[PlyCount "68"]
[EventDate "2023.07.03"]
[EventType "swiss"]
[EventRounds "9"]
[EventCountry "GRE"]
[SourceTitle "EXT 2024"]
[Source "ChessBase"]
[SourceDate "2023.10.10"]
[SourceVersion "1"]
[SourceVersionDate "2023.10.10"]
[SourceQuality "1"]

1. f4 c5 2. Nf3 g6 3. g3 Bg7 4. Bg2 Nc6 5. d3 d6 6. 0-0 e6 7. c3 Nge7 8. e4 0-0 9. a4 b6 10. Na3 Bb7 11. Qe2 d5 12. e5 a6 13. Be3 Nf5 14. Bf2 d4 15. g4 Nfe7 16. Bh4 dxc3 17. bxc3 Qc7 18. c4 Rad8 19. Nc2 Rd7 20. Bf6 Rfd8 21. Rad1 b5 22. axb5 axb5 23. Na3 bxc4 24. dxc4 Rxd1 25. Rxd1 Rxd1+ 26. Qxd1 Nd4 27. Nxd4 cxd4 28. Bxb7 Qxb7 29. Qa4 Bf8 30. Qe8 Qe4 31. Bxe7 Qe1+ 32. Kg2 Qe2+ 33. Kh3 Qf3+ 34. Kh4 Qf2+ 1/2-1/2

[Event "GRE-ch U16"]
[Site "Peristeri"]
[Date "2023.07.04"]
[Round "3"]
[White "Lekkas, Anastasios"]
[Black "Bantekas, Achilleas"]
[Result "1/2-1/2"]
[WhiteElo "1768"]
[BlackElo "1632"]
[PlyCount "89"]
[EventDate "2023.07.03"]
[EventType "swiss"]
[EventRounds "9"]
[EventCountry "GRE"]
[SourceTitle "EXT 2024"]
[Source "ChessBase"]
[SourceDate "2023.10.10"]
[SourceVersion "1"]
[SourceVersionDate "2023.10.10"]
[SourceQuality "1"]

1. e4 c5 2. Nf3 e6 3. d4 cxd4 4. Nxd4 a6 5. Bd3 Bc5 6. Nb3 Ba7 7. Qe2 Nc6 8. c4 Qc7 9. 0-0 Nf6 10. Nc3 0-0 11. h3 d6 12. Be3 Bxe3 13. Qxe3 Ne5 14. Rac1 Nxc4 15. Bxc4 Qxc4 16. Rfd1 Qc6 17. Qd4 e5 18. Qxd6 Qxd6 19. Rxd6 b5 20. Nc5 Ra7 21. Rcd1 h6 22. Nd5 Nh5 23. Nd3 Re8 24. Rc1 Be6 25. Nc7 Rc8 26. Nxe6 Rxc1+ 27. Nxc1 fxe6 28. Rxe6 Nf4 29. Rd6 Rc7 30. Nb3 Rc2 31. Rd2 Rc4 32. f3 Kf7 33. Kh2 Ke6 34. g3 Ng6 35. Kg2 Ne7 36. f4 g6 37. Kf3 Nc6 38. Rd5 Rc2 39. Nc5+ Ke7 40. fxe5 Nb4 41. Rd7+ Ke8 42. Rc7 Nd3 43. Nxa6 Rxb2 44. e6 Rxa2 45. Ra7 1/2-1/2

[Event "GRE-ch Schools Gym-C"]
[Site "Athen"]
[Date "2022.06.12"]
[Round "2"]
[White "Karageorgos, Alexios"]
[Black "Lekkas, Anastasios"]
[Result "0-1"]
[WhiteElo "1224"]
[BlackElo "1554"]
[PlyCount "104"]
[EventDate "2022.06.12"]
[EventType "swiss"]
[EventRounds "9"]
[EventCountry "GRE"]
[SourceTitle "EXT 2023"]
[Source "ChessBase"]
[SourceDate "2022.10.05"]
[SourceVersion "1"]
[SourceVersionDate "2022.10.05"]
[SourceQuality "1"]

1. d4 Nf6 2. c4 e6 3. Nc3 Bb4 4. Qc2 0-0 5. Bg5 c5 6. e3 b6 7. Bd3 h6 8. Bf4 cxd4 9. exd4 Bb7 10. Nf3 d5 11. cxd5 Nxd5 12. Bd2 Nc6 13. 0-0 Rc8 14. Qa4 Nxc3 15. bxc3 Bd6 16. Rac1 Na5 17. Qd1 Nc4 18. Bxc4 Rxc4 19. Re1 Qf6 20. Qe2 Rfc8 21. Ne5 Bxe5 22. Qxe5 Qxe5 23. Rxe5 Bd5 24. Ra1 Ra4 25. a3 Rcc4 26. Kf1 Ra6 27. f3 Rca4 28. Bc1 Bc4+ 29. Kf2 R6a5 30. Re1 Kf8 31. Ke3 Rh5 32. Rh1 e5 33. g4 exd4+ 34. cxd4 Rh3 35. Bd2 Bd5 36. Bb4+ Kg8 37. Raf1 a5 38. Bd6 Rc4 39. Kd3 b5 40. Bg3 Ra4 41. Ra1 Bxf3 42. Rhb1 Bc6 43. Rc1 Bd7 44. Rcb1 h5 45. gxh5 Bf5+ 46. Ke3 Bxb1 47. Rxb1 Rxa3+ 48. Kf4 Rxh5 49. Rd1 Ra4 50. Ke4 Kf8 51. Bd6+ Ke8 52. Bc5 Rxc5 0-1

[Event "GRE-chT U16"]
[Site "Thessaloniki"]
[Date "2019.11.28"]
[Round "1.2"]
[White "Gavriil, Odysseas Panagiotis"]
[Black "Lekkas, Anastasios"]
[Result "1-0"]
[WhiteElo "2122"]
[BlackElo "1346"]
[PlyCount "55"]
[EventDate "2019.11.28"]
[EventType "team-swiss"]
[EventRounds "6"]
[EventCountry "GRE"]
[SourceTitle "CBM 193 Extra"]
[Source "ChessBase"]
[SourceDate "2020.01.31"]
[SourceVersion "1"]
[SourceVersionDate "2020.01.31"]
[SourceQuality "1"]
[WhiteTeam "Thessaloniki Galaxias"]
[BlackTeam "Argonaftis"]
[WhiteTeamCountry "GRE"]
[BlackTeamCountry "GRE"]

1. Nf3 Nf6 2. g3 b6 3. Bg2 Bb7 4. c4 e6 5. Nc3 Be7 6. 0-0 d6 7. d4 Nbd7 8. Re1 c5 9. d5 exd5 10. Nh4 Ne5 11. cxd5 Qd7 12. e4 Ba6 13. Nf5 0-0 14. Qa4 Nd3 15. Qxd7 Nxd7 16. Nxe7+ Kh8 17. Rd1 g6 18. Nc6 N7e5 19. Nxe5 Nxe5 20. a4 Kg7 21. Nb5 Rad8 22. Bf4 Bxb5 23. Bxe5+ dxe5 24. axb5 Rd7 25. Ra6 f6 26. Bh3 Rb7 27. d6 Rd8 28. d7 1-0